00637nam a2200205Ia 450000500170000000800410001702000150005808200160007310000140008924500800010325000160018326000630019930000140026265000110027665000130028765000120030094200060031295200980031899900150041620240729030751.0240331s9999 xx 000 0 und d a9187380625 bORJa303.64 aOrjuela,C 0aCivil society in civil war :bpeace work and identity politics in Sri Lanka a2nd edition aSwedenbDepartment of Peace and development Researchc2005 a303 p .,  a Civil aPolitics aSociety cL 001040708LaWERCLbWERCLcSSCd2024-03-31l0o 303.64 ORJp1938r2024-03-31w2024-03-31yL c1312d1312